| 000 | 00350nam a2200133Ia 4500 | ||
|---|---|---|---|
| 005 | 20251222151333.0 | ||
| 008 | 251222s9999||||xx |||||||||||||| ||spa|| | ||
| 020 | _a9788469213742 | ||
| 082 | _a616.4/S64/2009 | ||
| 245 | 0 | _aManual del Residente de Endocrinología y Nutrición | |
| 250 | _a1ra. ed. | ||
| 264 | _bGráficas Marte, S.A. | ||
| 942 | _cLIB | ||
| 999 |
_c24177 _d24177 |
||